| 000 | 00950nam a22002777a 4500 | ||
|---|---|---|---|
| 001 | 9215 | ||
| 003 | FISKH | ||
| 005 | 20251202154850.0 | ||
| 008 | 251202b cb ||||| |||| 00| 0 eng d | ||
| 020 | _a9781848105034 | ||
| 040 |
_aFISKH _beng _cFISKH _dFISKH |
||
| 050 | _aPZ7 | ||
| 082 | _a823.9208 | ||
| 100 |
_aGallagher, Belinda _eAuthor |
||
| 245 |
_aPuss in boots and other stories : _bTen-minute stories / _cMiles Kelly |
||
| 260 |
_aEssex : _bMiles Kelly Publishing Ltd , _c2011 |
||
| 300 |
_a40 pages : _bcolor illustrations ; _c28 cm |
||
| 490 | _aTen-Minute Stories - Miles Kelly | ||
| 505 | _aL | ||
| 520 | _aSimply retold and wonderfully illustrated, this series brings together charming tales that children will enjoy. Each story takes approximately 10 minutes to read. | ||
| 521 | 8 |
_a600
_bLexile estimate |
|
| 521 | 8 |
_aL
_bRaz-Plus |
|
| 650 |
_aChildren's fiction _vPuss in boots |
||
| 942 |
_2ddc _cBK _n0 |
||
| 999 |
_c9215 _d9215 |
||